000 00439nam a2200181Ia 4500
001 13745
005 20260306164823.0
008 260306t2014||||xx |||||||||||||| ||spa||
041 _aESP
082 _a005.133C2
_bS83 2013
100 _aStroustrup, Bjarne
_eAUT
245 4 _aThe C++ Programming Language
260 _c2014
300 _axiv, 1347 páginas :
_c23 cm.
650 _aGEN
654 _aCCC
942 _cLIB
_dJUS
_fJUS
_2ddc
_n
999 _c13745
_d13745